Länder mit weiblichem Artikel - Statistiken

Allgemein
  • Dieses Quiz wurde 294 mal gespielt
  • Das Durchschnittsergebnis liegt bei 5 aus 10
Antwortstatistiken
Antwort % Korrekt
Schweiz
68%
Türkei
64%
Mongolei
62%
Ukraine
55%
Slowakei
52%
Dominikanische Republik
47%
Demokratische Republik Kongo
41%
Republik Kongo
41%
Zentralafrikanische Republik
41%
Elfenbeinküste
40%
Keine übereinstimmenden Quizze gefunden
Verteilung der Resultate
Anzahl Personen mit jedem Resultat
Perzentil nach korrekt beantworteten Fragen
Ihre Resultats-Entwicklung
Sie haben dieses Quiz noch nicht gespielt